000 00714pam a2200241 a 4500
008
020 _a0750678704 (pbk.)
049 _aMAIN
090 _aTJ267
_bDIX
100 1 _aDixon, S. L.
245 1 0 _aFluid mechanics and thermodynamics of turbomachinery /
_cS.L. Dixon.
250 _a5th ed.
260 _aAmsterdam :
_bButterworth-Heinemann,
_c2005.
300 _axxii, 390 p. :
_bill. ;
_c24 cm.
504 _aIncludes bibliographical references.
500 _aIncludes index.
650 0 _aTurbomachines
_xFluid dynamics.
907 _a.b10277110
_b17-05-10
_c17-05-10
003
005 20230123125022.0
040 _cNUST
942 _cBOOKS
_kTJ267
_mDIX
999 _c134278
_d134278